| 000 | 00476nam a2200193Ia 4500 | ||
|---|---|---|---|
| 005 | 20240823054803.0 | ||
| 008 | 240823s9999||||xx |||||||||||||| ||und|| | ||
| 020 | _a81-7800-121-7 | ||
| 041 | _aENGLISH | ||
| 082 | _A658.11 P6 | ||
| 100 | _aHemnath Rao Hanumankar | ||
| 245 | 0 | _aTryst with Global Competition | |
| 250 | _a1st | ||
| 260 |
_c2006 _b"B S Publications,Hyde" |
||
| 500 | _aYES | ||
| 650 |
_aManagement _bManagement Studies |
||
| 942 | _cBK | ||
| 999 |
_c227276 _d227276 |
||